All 50k+ Cities in Europe in 1900 on a Map - Statistics

General Stats
  • This quiz has been taken 1,512 times
  • The average score is 171 of 363
Answers on the Map
Answers color-coded by a green-red scale on the quiz's map according to % correct below.
 
Answer Stats
Country Population City % Correct
United Kingdom 4,536,541 London
94%
France 2,714,068 Paris
93%
Spain 528,946 Barcelona
91%
Germany 1,888,848 Berlin
91%
Ottoman Empire 942,900 Constantinople
91%
United Kingdom 290,638 Dublin
91%
Norway 229,101 Kristiania
91%
Spain 540,109 Madrid
91%
Russia 1,173,427 Moscow
91%
Italy 422,411 Rome
91%
Sweden 300,523 Stockholm
91%
Austria-Hungary 1,627,234 Vienna
91%
Austria-Hungary 716,476 Budapest
90%
Denmark 468,936 Copenhagen
90%
Portugal 351,210 Lisbon
90%
Russia 1,248,739 Saint Petersburg
90%
Netherlands 523,557 Amsterdam
89%
Greece 111,500 Athens
89%
Germany 499,932 Munich
89%
Russia 711,988 Warsaw
89%
United Kingdom 761,712 Glasgow
88%
Germany 705,738 Hamburg
88%
Italy 538,483 Milan
88%
Italy 621,213 Naples
88%
United Kingdom 349,180 Belfast
87%
Romania 282,071 Bucharest
87%
United Kingdom 303,638 Edinburgh
87%
Russia 79,126 Gelsingfors
87%
Russia 260,000 Kiev
87%
United Kingdom 684,958 Liverpool
87%
United Kingdom 543,872 Manchester
87%
France 491,161 Marseille
87%
France 459,099 Lyon
86%
Russia 282,230 Riga
86%
Belgium 218,623 Brussels
85%
Portugal 165,729 Porto
85%
Bulgaria 67,953 Sofia
85%
Italy 189,368 Venice
85%
Austria-Hungary 222,588 Prague
84%
Netherlands 318,500 Rotterdam
84%
Italy 335,656 Turin
84%
United Kingdom 522,204 Birmingham
83%
Germany 288,989 Frankfurt am Main
83%
Germany 61,852 Frankfurt an der Oder
83%
Spain 215,687 Valencia
83%
France 256,638 Bordeaux
82%
Germany 372,229 Cologne
82%
Germany 140,563 Danzig
82%
Italy 236,635 Florence
82%
Russia 449,673 Odessa
82%
Italy 309,566 Palermo
82%
Russia 66,292 Reval
82%
Switzerland 150,703 Zürich
82%
United Kingdom 76,122 Cork
81%
Italy 377,610 Genoa
81%
Austria-Hungary 81,418 Krakau
81%
France 105,109 Nice
81%
Spain 147,271 Seville
81%
Switzerland 64,277 Bern
80%
United Kingdom 428,968 Leeds
80%
Russia 162,633 Vilna
80%
Belgium 272,831 Antwerp
79%
United Kingdom 164,333 Cardiff
79%
Sweden 152,172 Gothenburg
79%
Serbia 68,481 Belgrade
78%
Germany 396,146 Dresden
78%
Sweden 60,857 Malmö
78%
United Kingdom 215,328 Newcastle upon Tyne
78%
Ottoman Empire 125,000 Salonica
78%
Netherlands 206,022 The Hague
78%
France 149,841 Toulouse
77%
Norway 72,179 Bergen
76%
United Kingdom 328,945 Bristol
76%
Germany 456,124 Leipzig
76%
Germany 151,041 Straßburg
76%
Spain 81,956 Bilbao
75%
France 210,696 Lille
75%
Germany 261,081 Nuremberg
75%
Austria-Hungary 57,690 Zágráb
75%
Germany 161,184 Bremen
74%
Germany 189,483 Königsberg
74%
Germany 166,699 Stuttgart
74%
Austria-Hungary 134,143 Trieste
74%
United Kingdom 153,114 Aberdeen
73%
Germany 213,711 Düsseldorf
73%
Austria-Hungary 143,226 Lemberg
73%
France 132,990 Nantes
73%
Italy 153,271 Bologna
72%
Germany 235,666 Hanover
72%
Spain 131,063 Málaga
72%
Russia 91,494 Minsk
72%
France 84,284 Brest
71%
Italy 94,236 Bari
70%
Germany 422,709 Breslau
69%
Russia 198,273 Kharkov
69%
Russia 314,020 Lodz
69%
United Kingdom 380,793 Sheffield
69%
United Kingdom 104,824 Southampton
69%
Spain 98,125 Zaragoza
69%
Belgium 160,133 Ghent
68%
Spain 63,873 Palma de Mallorca
68%
Russia 53,595 Sevastopol
68%
Germany 142,733 Dortmund
67%
Germany 107,977 Kiel
67%
United Kingdom 239,743 Nottingham
67%
Italy 99,579 Verona
67%
Germany 118,862 Essen
66%
Spain 75,570 Granada
66%
United Kingdom 107,636 Plymouth
66%
Russia 113,500 Rostov-on-Don
66%
Austria-Hungary 127,484 Graz
65%
Germany 135,245 Aachen
64%
Denmark 51,814 Aarhus
64%
Belgium 51,657 Bruges
64%
France 59,743 Calais
64%
Russia 125,787 Kishinev
64%
Belgium 157,760 Liège
64%
Netherlands 102,086 Utrecht
64%
Switzerland 109,161 Basel
63%
Austria-Hungary 100,921 Brünn
63%
Italy 147,700 Catania
63%
United Kingdom 211,579 Leicester
63%
Italy 60,326 Pisa
63%
United Kingdom 188,133 Portsmouth
62%
Austria-Hungary 61,537 Pozsony
62%
United Kingdom 77,914 York
62%
United Kingdom 123,478 Brighton
61%
United Kingdom 240,259 Kingston upon Hull
61%
France 75,950 Montpellier
61%
United Kingdom 111,733 Norwich
61%
Germany 210,702 Stettin
61%
United Kingdom 94,537 Swansea
61%
Spain 56,097 Córdoba
60%
United Kingdom 161,173 Dundee
60%
Spain 111,693 Murcia
60%
Russia 67,650 Tsaritsyn
60%
Germany 50,736 Bonn
59%
Italy 61,678 Cagliari
59%
Germany 117,033 Posen
59%
France 74,676 Rennes
59%
Russia 143,707 Kazan
58%
Austria-Hungary 58,778 Linz
58%
Italy 147,589 Messina
58%
France 71,326 Dijon
57%
Netherlands 67,563 Groningen
57%
France 130,196 Le Havre
57%
Italy 77,004 Parma
57%
France 116,316 Rouen
57%
Russia 135,552 Yekaterinoslav
57%
Germany 82,098 Lübeck
56%
Germany 141,131 Mannheim
56%
Russia 95,100 Nizhny Novgorod
56%
Germany 59,796 Potsdam
56%
Germany 89,170 Augsburg
55%
Spain 69,191 Cádiz
55%
Russia 73,743 Kovno
55%
France 108,385 Reims
55%
Germany 58,462 Metz
54%
Ottoman Empire 81,000 Adrianople
53%
Germany 229,667 Magdeburg
53%
France 67,311 Orléans
53%
Germany 54,735 Rostock
53%
Spain 50,495 Alicante
52%
Italy 81,242 Padua
52%
France 101,602 Toulon
52%
Germany 84,251 Mainz
51%
France 102,559 Nancy
51%
Germany 61,504 Freiburg im Breisgau
49%
France 68,615 Grenoble
49%
Russia 109,640 Samara
48%
Spain 70,951 Valladolid
48%
Russia 71,000 Yekaterinodar
48%
Germany 206,913 Chemnitz
47%
United Kingdom 69,978 Coventry
47%
Germany 92,730 Duisburg
47%
Italy 63,012 Modena
47%
Germany 63,754 Münster
47%
France 64,695 Tours
47%
Germany 63,046 Bielefeld
46%
United Kingdom 66,630 Ipswich
46%
Austria-Hungary 68,292 Pilsen
46%
United Kingdom 279,767 Bradford
45%
Russia 57,237 Lyublin
45%
United Kingdom 146,077 Sunderland
45%
France 90,758 Amiens
44%
Portugal 58,339 Braga
44%
Germany 97,185 Carlsruhe
44%
Austria-Hungary 72,351 Debrecen
44%
United Kingdom 105,912 Derby
44%
United Kingdom 87,021 Northampton
44%
Russia 121,580 Astrakhan
43%
Italy 52,482 Bergamo
43%
Italy 56,190 Taranto
43%
Germany 141,944 Barmen
42%
France 146,559 Saint-Étienne
42%
France 54,982 Versailles
42%
United Kingdom 94,187 Wolverhampton
42%
Italy 73,033 Brescia
41%
Germany 156,966 Elberfeld
41%
Germany 85,202 Erfurt
41%
Russia 73,185 Kherson
41%
Italy 62,723 Ravenna
41%
United Kingdom 72,217 Reading
41%
Italy 77,761 Reggio Calabria
41%
Italy 58,993 Reggio Emilia
41%
France 82,398 Angers
40%
Germany 128,226 Braunschweig
40%
Germany 156,609 Halle an der Saale
40%
Romania 78,067 Iași
40%
Russia 57,405 Smolensk
40%
United Kingdom 91,302 Middlesbrough
39%
Russia 60,900 Simferopol
39%
Germany 65,551 Bochum
38%
Germany 106,034 Cassel
38%
France 63,272 Le Mans
38%
Russia 143,431 Saratov
38%
Portugal 54,105 Coimbra
37%
Netherlands 65,189 Haarlem
37%
Russia 75,100 Kursk
37%
Italy 96,340 Livorno
37%
Italy 73,465 Lucca
37%
Germany 89,118 Mühlhausen in Elsaß
37%
United Kingdom 67,270 Newport
37%
France 80,605 Nîmes
37%
Spain 54,346 Santander
37%
France 84,121 Limoges
36%
Russia 84,146 Voronezh
36%
United Kingdom 127,626 Blackburn
35%
France 52,933 Clermont-Ferrand
35%
Greece 51,000 Piraeus
35%
Italy 56,835 Ancona
34%
Italy 81,301 Ferrara
34%
Austria-Hungary 55,812 Temesvár
34%
Spain 103,373 Cartagena
33%
Germany 58,023 München-Gladbach
33%
United Kingdom 112,989 Preston
33%
Germany 86,111 Wiesbaden
33%
Germany 75,499 Würzburg
33%
United Kingdom 168,215 Bolton
32%
Germany 72,381 Darmstadt
32%
Germany 51,573 Osnabrück
32%
France 60,808 Saint-Denis
32%
Russia 109,352 Tula
32%
Russia 65,781 Byelostok
31%
Austria-Hungary 100,270 Szeged
31%
Russia 72,231 Dvinsk
30%
Spain 60,846 Jerez de la Frontera
30%
Russia 92,012 Nikolaiev
30%
Russia 81,500 Yaroslavl
30%
France 55,362 Besançon
29%
Netherlands 56,044 Leiden
29%
Italy 60,822 Perugia
29%
Netherlands 57,240 Arnhem
27%
Italy 73,603 La Spezia
27%
Russia 65,906 Orenburg
27%
Italy 53,134 Foggia
26%
Germany 55,830 Zwickau
26%
Germany 52,204 Bromberg
25%
Germany 54,144 Fürth
25%
United Kingdom 95,047 Huddersfield
25%
France 53,146 Troyes
25%
Russia 66,100 Vitebsk
25%
Germany 106,893 Crefeld
24%
Romania 62,678 Galați
24%
United Kingdom 65,528 Hastings
24%
Russia 53,703 Poltava
24%
Germany 189,305 Charlottenburg
23%
Germany 61,914 Ludwigshafen am Rhein
23%
United Kingdom 97,043 Burnley
22%
United Kingdom 220,957 Salford
22%
United Kingdom 60,764 Wigan
22%
United Kingdom 110,915 Birkenhead
21%
Russia 64,489 Libava
21%
United Kingdom 137,246 Oldham
21%
France 124,365 Roubaix
21%
Italy 70,661 Alessandria
20%
Germany 161,501 Altona
20%
Germany 52,518 Elbing
20%
Germany 80,931 Görlitz
20%
United Kingdom 63,138 Grimsby
20%
Germany 50,468 Offenbach am Main
20%
Russia 70,075 Oryol
20%
Russia 64,500 Penza
20%
United Kingdom 133,895 Croydon
19%
Austria-Hungary 69,619 Czernowitz
19%
Germany 50,612 Hagen
19%
Russia 64,628 Ivanovo-Voznesensk
19%
Portugal 74,482 Vila Nova de Gaia
19%
United Kingdom 64,242 Warrington
19%
Austria-Hungary 53,909 Arad
18%
Russia 53,650 Chenstokhov
18%
United Kingdom 109,888 Gateshead
18%
Germany 52,362 Gleiwitz
18%
Russia 51,500 Kaluga
18%
Belgium 55,705 Mechelen
18%
United Kingdom 78,897 Stockport
18%
Austria-Hungary 82,935 Szabadka
18%
Italy 62,344 Trapani
18%
Russia 80,787 Zhitomir
18%
France 52,310 Béziers
17%
Romania 58,392 Brăila
17%
United Kingdom 267,358 West Ham
17%
United Kingdom 51,316 Great Yarmouth
16%
Italy 53,173 Marsala
16%
United Kingdom 65,175 West Bromwich
16%
United Kingdom 83,114 Rochdale
15%
United Kingdom 84,410 St Helens
15%
France 79,243 Tourcoing
15%
Germany 51,404 Beuthen in Oberschlesien
14%
United Kingdom 58,029 Bury
14%
Germany 50,849 Dessau
14%
United Kingdom 104,936 Halifax
14%
Germany 54,882 Liegnitz
14%
United Kingdom 54,349 Rotherham
14%
Russia 58,928 Taganrog
14%
Portugal 54,910 Guimarães
13%
Austria-Hungary 56,786 Kecskemét
13%
United Kingdom 79,363 Paisley
13%
Italy 65,186 Pistoia
13%
Germany 73,888 Plauen
13%
United Kingdom 62,627 West Hartlepool
13%
United Kingdom 97,263 South Shields
12%
Germany 65,030 Spandau
12%
United Kingdom 51,478 Stockton-on-Tees
12%
United Kingdom 102,541 Tottenham
12%
United Kingdom 57,586 Barrow-in-Furness
11%
Russia 59,525 Kronstadt
11%
Germany 58,103 Remscheid
11%
Belgium 63,508 Schaerbeek
11%
United Kingdom 86,430 Walsall
11%
Germany 57,919 Königshütte
10%
Russia 63,007 Kremenchug
10%
France 50,278 Saint-Quentin
10%
United Kingdom 96,018 East Ham
9%
Spain 69,910 Lorca
9%
Germany 90,422 Rixdorf
9%
United Kingdom 50,386 Burton upon Trent
8%
United Kingdom 69,228 Merthyr Tydfil
8%
United Kingdom 58,556 Bootle
7%
United Kingdom 68,142 Greenock
7%
United Kingdom 77,439 Leith
7%
United Kingdom 51,366 Tynemouth
7%
Italy 52,354 Modica
6%
Germany 95,998 Schöneberg
6%
Russia 66,182 Yelisavetgrad
6%
Russia 51,963 Novocherkassk
5%
United Kingdom 53,579 Wallasey
5%
Italy 51,796 Alcamo
4%
Russia 53,700 Berdichev
4%
Austria-Hungary 60,824 Hódmezővásárhely
4%
United Kingdom 98,912 Leyton
3%
Germany 50,628 Linden
3%
United Kingdom 54,539 Smethwick
3%
Austria-Hungary 59,326 Zizkow
3%
United Kingdom 70,437 Devonport
2%
France 58,073 Levallois-Pierot
2%
United Kingdom 95,131 Walthamstow
2%
United Kingdom 114,811 Willesden
2%
Germany 63,238 Altendorf
1%
United Kingdom 52,921 Handsworth
1%
United Kingdom 61,599 Hanley
1%
United Kingdom 72,056 Hornsey
1%
United Kingdom 54,298 Partick
1%
No matching quizzes found
Score Distribution
Percent of People with Each Score
Percentile by Number Answered
Your Score History
You have not taken this quiz